| Поле | Инд. | ПП | Название | Значение |
|---|---|---|---|---|
| Тип записи | a | |||
| Библиографический уровень | m | |||
| 001 | Контрольный номер | RU/IS/BASE/122382659 | ||
| 005 | Дата корректировки | 20230512103629.9 | ||
| 022 | 0_ | a | ISSN | 0042-8795 |
| 041 | 0_ | a | Код языка текста | rus |
| 084 | a | Индекс другой классификации/Индекс ББК | 63 | |
| 090 | a | Полочн. индекс | 95.2+83 | |
| 097 | 00 | a | 110 | |
| 245 | 00 | a | Заглавие | Вопросы литературы |
| b | Продолж. заглавия | журнал критики и литературоведения | ||
| c | Ответственность | учредители: Институт мировой литературы им. А. М. Горького, Фонд "Литературная мысль"; главный редактор Л. И. Лазарев | ||
| n | Номер части/ раздела | №6/1999 | ||
| 260 | 00 | a | Место издания | Москва |
| b | Издательство | Журнал "Вопросы литературы" | ||
| c | Дата издания | 1999 | ||
| 300 | a | Объем | 384 с. | |
| 500 | a | Примечание | Журнал | |
| 650 | 04 | a | Основная рубрика | история литературы |
| a | Основная рубрика | литературоведение | ||
| a | Основная рубрика | филологические науки | ||
| 653 | 0_ | a | Ключевые слова | литературная критика |
| 773 | 18 | w | Контрольный № источника | RU/IS/BASE/409852959 |
| 901 | t | Тип документа | s |